000
00393nam a22001577a 4500
003
MPLRDC
005
20220104123418.0
008
210129b ||||| |||| 00| 0 eng d
082
_a
467.4 WR
100
_a
王荣编著
245
_a
塑料涂剂与塑品制法
_c
260
_a
_b
香港艺美图书公司
_c
1975
300
_b
平
650
_a
合成树脂; 塑胶
942
_c
BK
_o
467.4 WR
999
_c
11227
_d
11217